Finance for the nonfinancial manager /
Saved in:
| 主要作者: | |
|---|---|
| 格式: | 图书 |
| 出版: |
New York :
Wiley,
c1988.
|
| 版: | 3rd ed. |
| 主题: | |
| 在线阅读: | http://www.loc.gov/catdir/enhancements/fy0607/88005780-b.html http://www.loc.gov/catdir/enhancements/fy0607/88005780-d.html http://www.loc.gov/catdir/enhancements/fy0607/88005780-t.html |
| 标签: |
添加标签
没有标签, 成为第一个标记此记录!
|
MARC
| LEADER | 00000pam a2200000 a 4500 | ||
|---|---|---|---|
| 020 | |a 0471610593 (pbk.) |c TZS 1639 | ||
| 020 | |a 0471610585 (hard) | ||
| 040 | |a MUL |b eng. |e AACR | ||
| 082 | 0 | 0 | |a 658.15 SPI |
| 100 | 1 | |a Spiro, Herbert T. | |
| 245 | 1 | 0 | |a Finance for the nonfinancial manager / |c Herbert T. Spiro. |
| 250 | |a 3rd ed. | ||
| 260 | |a New York : |b Wiley, |c c1988. | ||
| 300 | |a xviii, 282 p. : |b ill. ; |c 26 cm. | ||
| 504 | |a Includes index | ||
| 650 | 0 | |a Finance. | |
| 856 | 4 | 2 | |u http://www.loc.gov/catdir/enhancements/fy0607/88005780-b.html |
| 856 | 4 | 2 | |u http://www.loc.gov/catdir/enhancements/fy0607/88005780-d.html |
| 856 | 4 | 1 | |u http://www.loc.gov/catdir/enhancements/fy0607/88005780-t.html |
| 942 | |c BK | ||
| 999 | |c 4554 |d 4554 | ||